Normal view
MARC view
- English language
Entry Topical Term
001 - CONTROL NUMBER
- control field: 14773
003 - CONTROL NUMBER IDENTIFIER
- control field: OSt
005 - DATE AND TIME OF LATEST TRANSACTION
- control field: 20260128130531.0
008 - FIXED-LENGTH DATA ELEMENTS
- fixed length control field: 260128|| aca||aabn | a|a d
040 ## - CATALOGING SOURCE
- Original cataloging agency: OSt
- Transcribing agency: OSt
150 ## - HEADING--TOPICAL TERM
- Topical term or geographic name entry element: English language
- General subdivision: Pronunciation
670 ## - SOURCE DATA FOUND
- Source citation: Work cat.: (OSt)5857: Jones, Daniel, 1881-1967. 14771, An outline of English phonetics /, c1972.